| 000 | 00526nam a22001937a 4500 | ||
|---|---|---|---|
| 005 | 20210423064039.0 | ||
| 008 | 210217b1968 ||||| |||| 00| 0 eng d | ||
| 040 | _cDLC | ||
| 041 | _aeng | ||
| 080 |
_a821.111 _bS-34 |
||
| 100 |
_9946 _aSchmitz.James h |
||
| 245 |
_aThe demon Breed _cSchmitz.James H |
||
| 260 |
_aNev York _bAce books _c1968 |
||
| 300 |
_a214 p.: _bill |
||
| 365 | _a5.95 USD | ||
| 650 | 0 |
_9247 _aEnglish literature |
|
| 653 | _aინგლისური ლიტერატურა | ||
| 942 |
_2udc _cBK |
||
| 999 |
_c1507 _d1507 |
||